000 00949 a2200229 4500
001 28280
005 20260407155555.0
008 260407a2014 arg spa d
003 AR-UNSa-BCEJYS
040 _aAR-UNSa-BCEJYS
_bspa
_cAR-UNSa-BCEJYS
080 _a001.8
_xMetodología. Estudio general del método. Procedimientos científicos y técnicos para el estudio, La investigación y la discusión
245 1 0 _aInvestigar en derecho
020 _a978-950-23-2379-4
264 1 _aBuenos Aires :
_bEUDEBA (Editorial Universitaria de Buenos Aires)
_c2014
300 _a181 p.
_c23 cm.
505 _a1. Descubrir - 2. Explicar - 3. Comprender - 4. Criticar - 5. Medir - 6. Interpretar - 7. Defender
942 _cBK
590 _aniveau_biblio:m niveau_hierar:0
100 1 _aKunz, Ana
700 1 _aCardinaux, Nancy
856 4 1 _uhttps://biblioeco.unsa.edu.ar/pmb/images/libros/Investigar en Derecho-l125007.jpg
_yImagen de portada
_qimage/jpeg
999 _c1690
_d1690